Sterling in the Sixties (Record no. 14947)
[ view plain ]
| 000 -LEADER | |
|---|---|
| fixed length control field | 00259nam a22001097a 4500 |
| 082 ## - DEWEY DECIMAL CLASSIFICATION NUMBER | |
| Classification number | 332.45 MCM |
| 100 ## - MAIN ENTRY--PERSONAL NAME | |
| Personal name | Mcmahon, Christopher |
| 245 ## - TITLE STATEMENT | |
| Title | Sterling in the Sixties |
| 260 ## - PUBLICATION, DISTRIBUTION, ETC. | |
| Place of publication, distribution, etc. | London |
| Name of publisher, distributor, etc. | Oxford university |
| Date of publication, distribution, etc. | 1964 |
| 300 ## - PHYSICAL DESCRIPTION | |
| Extent | vi, 118p. |
| Other physical details | 11cm. |
| 942 ## - ADDED ENTRY ELEMENTS (KOHA) | |
| Koha item type | Books |
| Withdrawn status | Lost status | Damaged status | Not for loan | Home library | Current library | Date acquired | Total Checkouts | Full call number | Barcode | Date last seen | Price effective from | Koha item type |
|---|---|---|---|---|---|---|---|---|---|---|---|---|
| IFM Main Campus Library | IFM Main Campus Library | 01/25/2016 | 332.45 MCM | 0000005096 | 01/25/2016 | 01/25/2016 | Books |
